000 00562nam a2200169Ia 4500
008 090201s9999 xx 000 0 und d
010 _aKPL-57508
040 _bमराठी
041 _aमराठी
082 _a9684
_b57508
100 _aभीष्म सहानी
245 _aमाझा भाऊ बलराज
_cभीष्म सहानी
260 _c2004
_bनॅशनल बुक ट्रस्ट इंडिया
300 _a106
_bमोठा
600 _aमाझा भाऊ बलराज
942 _cBOOK
999 _c210186
_d210186